000 00467nmm a2200169Ia 4500
008 251105s9999||||xx |||||||||||||||||und||
020 _a9789562824019
041 _aspa
100 _aVicente Huidobro
245 0 _aÚltimos poemas
264 _a[Santiago de Chile, Chile] :
_bLOM Ediciones,
_c1995
300 _a92 páginas
490 _aEntre Mares
650 _aLatin American poetry
856 _uhttps://public.digitaliapublishing.com/a/18314
942 _cCF
999 _c94299
_d94299